| 000 | 00793nam a2200229 i 4500 | ||
|---|---|---|---|
| 001 | 135334 | ||
| 003 | ES-MaACL | ||
| 005 | 20230906194847.0 | ||
| 007 | t| | ||
| 008 | 070716s1979 sp ||||1| spa d | ||
| 080 | _a352(464.1M.).077.6"1660" | ||
| 100 | 1 |
_aTorija, Juan de. _9110641 |
|
| 245 | 1 | 0 |
_aTratado breve sobre las ordenanzas de la villa de Madrid y política de ella / _cJuan de Torija. |
| 260 |
_a[Madrid] : _bAlbatros, _c1979. |
||
| 300 |
_a36, 1-154 p. ; _c17 cm. |
||
| 500 | _aÍndice. | ||
| 534 |
_pEd. facsímil de la ed. de: _cMadrid : Antonio Pérez de Soto, 1760. |
||
| 650 | 1 | 4 |
_aConstrucción- _zMadrid- _vOrdenanzas municipales. _9156394 |
| 650 | 4 |
_aUrbanismo- _zMadrid. _9143144 |
|
| 650 | 4 |
_aOrdenanzas municipales- _zMadrid. _915743 |
|
| 852 |
_aES-MaACL _jA-10950 |
||
| 999 |
_c135334 _d135334 |
||